000 00664nam a2200289Ia 4500
005 20260324121613.0
008 008 260324s9999 xx 000 0 eng d
020 _a9781315758657
037 _aEBOOK
040 _aCRL
040 _beng
040 _cCRL
041 _2eng
041 _aeng
084 _qCRL
100 _aEtel Solingen
_91163148
245 0 _aComparative Regionalism
245 0 _bEconomics and Security
260 _bTaylor and Francis
260 _c2014
365 _a
365 _b265
856 _uhttp://www.taylorfrancis.com/books/9781315758657
942 _cEBOOK
999 _c1755374
_d1755374